Ciencia para pasar el verano / (Registro nro. 32473)
[ vista simple ]
| 000 -CABECERA | |
|---|---|
| campo fijo de control de longitud | 01453cam a2200493 a 4500 |
| 001 - NÚMERO DE CONTROL | |
| campo de control | 32473 |
| 003 - IDENTIFICADOR DEL NÚMERO DE CONTROL | |
| campo de control | AR-RoBPED |
| 005 - FECHA Y HORADE LA ULTIMA TRANSACCION | |
| campo de control | 20260330090705.0 |
| 007 - | |
| campo fijo de control de longitud | ta |
| 008 - ELEMENTOS DE LONGITUD FIJA--INFORMACION GENERAL | |
| campo fijo de control de longitud | 180810s2018 ag a br 001 0 spa |
| 020 ## - ISBN | |
| ISBN | 9789874444165 |
| 040 ## - FUENTE CATALOGADORA | |
| Centro catalogador/agencia de origen | AR-BaBN |
| Convenciones de descripción | aacr |
| 041 ## - IDIOMA | |
| Código de idioma para texto/pista de sonido o título independiente | spa |
| 100 ## - ENCABEZAMIENTO PRINCIPAL--AUTOR PERSONAL | |
| Nombre de persona | Edelsztein, Valeria |
| Fechas nac-muerte | 1982- |
| Función | autora |
| Relator code | aut |
| 9 (RLIN) | 28970 |
| 245 10 - TITULO | |
| Título | Ciencia para pasar el verano / |
| Mención de responsabilidad | Valeria Edelsztein ; ilustraciones de Javier Reboursin. |
| 260 ## - PUBLICACION | |
| Lugar | Buenos Aires : |
| Editor | Iamiqué, |
| Fecha | 2018. |
| 300 ## - DESCRIPCION FISICA | |
| Extensión | 47 p. : |
| Otros detalles físicos | il. ; |
| Dimensiones | 21 cm. |
| 490 ## - SERIE | |
| Mención de serie | (ciencia todo el año) |
| 500 ## - NOTA GENERAL | |
| Nota general | Se utiliza con la estación de lectura: Verano. |
| 521 ## - NIVEL | |
| Nivel de la audiencia | Edad sugerida desde los 8 años. |
| 650 #4 - TERMINO DE MATERIA--CONTROLADO | |
| Término controlado | CIENCIAS DE LA VIDA |
| 9 (RLIN) | 10137 |
| Término controlado | DIVULGACION CIENTIFICA |
| 9 (RLIN) | 19556 |
| Término controlado | ESTACIONES DEL AÑO |
| 9 (RLIN) | 10163 |
| Término controlado | CALOR |
| 9 (RLIN) | 1701 |
| 653 ## - Término no controlado | |
| Término propuesto | SOLTICIO |
| Término propuesto | SOL |
| Término propuesto | BRONCEADO |
| Término propuesto | PROTECTOR SOLAR |
| Término propuesto | TRANSPIRACION |
| Término propuesto | VENTILADOR |
| Término propuesto | GAFAS DE SOL |
| Término propuesto | AIRE ACONDICIONADO |
| Término propuesto | OREJAS |
| Término propuesto | ESCASEZ DE AGUA |
| Término propuesto | ARENA |
| Término propuesto | LIXIVIACION |
| Término propuesto | ESPEJISMOS |
| Término propuesto | CANTO DE GRILLOS |
| Término propuesto | MOSQUITOS |
| Término propuesto | TRAQUETEO DEL TREN |
| 700 1# - ENCABEZAMIENTO SECUNDARIO--AUTOR PERSONAL | |
| Nombre de persona | Reboursin, Javier |
| Función | il. |
| 942 ## - ELEMENTOS KOHA | |
| Fuente de clasificación | Universal Decimal Classification |
| Número Koha | k. 32473 |
| Koha tipo de ítem | Libro |
| Clasificación | 613.13 |
| Pre signatura | I |
| Signatura librística | E 23 v |
| Inventario | Inv. 42331 |
| 945 ## - PROCESAMIENTO DE LA INFORMACIÓN LOCAL | |
| Catalogador y fecha | mev 27/03/2026 - cd 30/03/2026 |
| Estado retirado | Estado perdido | Fuente de clasificación | Estado dañado | No se presta | Biblioteca propietaria | Biblioteca de reserva | Fecha de adquisición | Procedencia | Total de préstamos | Signatura topográfica completa | Código de barras (nº de inventario) | Fecha visto por última vez | Catalogador y fecha | Tipo de ítem Koha | Nota pública |
|---|---|---|---|---|---|---|---|---|---|---|---|---|---|---|---|
| Universal Decimal Classification | Biblioteca Pedagógica Eudoro Díaz | Biblioteca Pedagógica Eudoro Díaz | 27/03/2026 | Compra | I 613.13 E 23 v | 42331 | 27/03/2026 | mev 27/03/2026 | Libro | Sale 15 días |